| 000 | 00651nam a2200217 a 4500 | ||
|---|---|---|---|
| 001 | 16104 | ||
| 003 | CO-ViMGA | ||
| 008 | 141112s2004 ck r 000 u spa d | ||
| 020 | _a8476729731 | ||
| 040 |
_aCO-ViMGA _bspa _cCO-ViMGA |
||
| 082 | 0 | 4 | _a863.5 A517so |
| 100 | 1 |
_aAlarcón, Pedro Antonio de _923031 |
|
| 245 | 1 | 0 |
_aEl sombrero de tres picos : _bEl capitán veneno |
| 260 |
_aBarcelona (España) : _bEdicomunicaciones s.a.1999 |
||
| 300 | _a217.p. | ||
| 590 | _aForma de adquisición : Premio - Mincultura | ||
| 650 | 1 | 4 |
_aFAMILIA - NOVELA _92125 |
| 650 | 1 | 4 |
_aNOVELA - ADULTERIO _923032 |
| 650 | 1 | 4 |
_aNOVELA ESPAÑOLA _9488 |
| 942 |
_2ddc _cBK |
||
| 999 |
_c26029 _d26029 |
||